000 00678nam a2200289Ia 4500
005 20260324131300.0
008 008 260324s9999 xx 000 0 eng d
020 _a9781003578857
037 _aEBOOK
040 _aCRL
040 _beng
040 _cCRL
041 _2eng
041 _aeng
084 _qCRL
100 _aKenichi Sekine; Keisuke Arai
_91184919
245 0 _aKaizen for Quick Changeover
245 0 _bGoing Beyond SMED
260 _bTaylor and Francis
260 _c2006
365 _a
365 _b235
856 _uhttp://www.taylorfrancis.com/books/9781003578857
942 _cEBOOK
999 _c1781927
_d1781927